| 000 | 00580nam a22002171a 4500 | ||
|---|---|---|---|
| 003 | DO-SdBNP | ||
| 005 | 20220606120622.0 | ||
| 007 | ta | ||
| 008 | 220606b2018 dr ||||| |||| 00| 0 spa d | ||
| 020 | _a9789945168877 | ||
| 040 |
_aDO-SdBNP _bspa _cBNPHU |
||
| 082 | 4 | _222 | |
| 100 | 1 |
_aVásquez, Frank _981786 |
|
| 245 | 1 | 3 | _aEl lider 75/25 |
| 260 |
_aSanto Domingo : _bBúho, _c2018. |
||
| 300 |
_a163 p. : _c23 cm. |
||
| 500 | _aIncluye datos biográficos del autor en las solapas | ||
| 504 | _aBibliografía : p. 163 | ||
| 590 | _aInventariado, 2022/BT | ||
| 942 |
_2ddc _cLBS1 |
||
| 999 |
_c51934 _d51934 |
||